Telegraph wins rent dispute (Record no. 72977)

MARC details
000 -LEADER
fixed length control field 01110cam a2200205 4500
001 - CONTROL NUMBER
control field WB3925-10
008 - FIXED-LENGTH DATA ELEMENTS--GENERAL INFORMATION
fixed length control field 030702n2003 000 0 eng u
035 ## - SYSTEM CONTROL NUMBER
System control number (Sirsi) u122852
245 ## - TITLE STATEMENT
Title Telegraph wins rent dispute
260 ## - PUBLICATION, DISTRIBUTION, ETC.
Date of publication, distribution, etc. 2003
490 ## - SERIES STATEMENT
Series statement Estates Gazette
Volume/sequential designation (0326) 28 June 2003, 33(1)
520 ## - SUMMARY, ETC.
Summary, etc. A High Court decision has ruled in favour of tenants the Telegraph newspaper group in a rent review dispute with Canary Wharf. "Canary Wharf Investments (Three) v Telegraph Group Ltd" (QBD, 25 June 2003) concerned the terms of a 'hypothetical lease' to be used for calculating the latest rent review. The judge backed the Telegraph's argument that the hypothetical lease should run 25 years from the relevant rent review date. Canary Wharf claims the ruling will not affect its other leases up for review and has vowed to appeal against the decision.
590 ## - LOCAL NOTE (RLIN)
Local note WB
650 ## - SUBJECT ADDED ENTRY--TOPICAL TERM
Topical term or geographic name entry element RENT REVIEWS
650 ## - SUBJECT ADDED ENTRY--TOPICAL TERM
Topical term or geographic name entry element HYPOTHETICAL LEASES
650 ## - SUBJECT ADDED ENTRY--TOPICAL TERM
Topical term or geographic name entry element COMMERCIAL LEASES
650 ## - SUBJECT ADDED ENTRY--TOPICAL TERM
Topical term or geographic name entry element CANARY WHARF INVESTMENTS (THREE) V TELEGRAPH GROUP LTD
690 ## - LOCAL SUBJECT ADDED ENTRY--TOPICAL TERM (OCLC, RLIN)
Topical term or geographic name as entry element LANDLORD AND TENANT-RENT REVIEWS
942 ## - ADDED ENTRY ELEMENTS (KOHA)
Suppress in OPAC 0
Holdings
Withdrawn status Lost status Source of classification or shelving scheme Damaged status Not for loan Home library Current library Shelving location Date acquired Total Checkouts Full call number Barcode Date last seen Copy number Price effective from Koha item type
    Dewey Decimal Classification     London London News article 02/07/2003   WB3925-10 122852-1001 06/08/2019 1 06/08/2019 News article